000 00301 a2200133 4500
000 nam a22 7a 4500
100 _ariley
110 _ariley
245 _aCell Culture: Techniques and Applications
250 _alatest
260 _bcell pub
_c2026
264 _bcell pub
_c2026
942 _cBK
999 _c394905
_d394905